00945nam a22002057a 4500003000500000005001700005008004100022010001000063011001000073035001000083040000900093100003000102245020600132260010100338300001000439490011300449650003700562650002700599830011300626CHAP20220329140846.0971013s1990 r 00010 d a58797 a59769 a63929 cCHAP00aCantú Ayala, César M. aFenología de la floración y fructificación del mezquite Prosopis laevigata (Humb. & Bonpl. ex Willd.) M. C. Johnst. en Nuevo León y el efecto de las cabras sobre la dispersión de sus semillas aLinares, N. L. :bUniversidad Autónoma de Nuevo León. Facultad de Ciencias Forestales,c1990 a38 p. aUniversidad Nacional Autónoma de Nuevo León. Facultad de Ciencias Forestales. Reporte científicov; 1814aGanado cabríoxAlimentación.14aMezquite como forraje.0 aUniversidad Nacional Autónoma de Nuevo León. Facultad de Ciencias Forestales. Reporte científicov; 18